00000000nam##2200000za#4500
0019.536755
003CaOODSP
00520210615084415
007ta
008150406|2002||||xxc|||||     f|0| 0 fre|d
020 |a0-660-62084-7
040 |aCaOODSP|bfre
041 |aeng
041 |afre
043 |an-cn---
0861 |aBT31-4/22-2002
1101 |aCanada. |bConseil du trésor.
24510|aCentre canadien d'hygiène et de sécurité au travail
260 |aOttawa - Ontario : |bSecrétariat du Conseil du Trésor du Canada |c2002.
300 |a30p. : |bgraphiques, tableaux ; |c28 cm.
4901 |aRapport sur le rendement pour la période se terminant le 31 mars 2002
563 |aCouverture souple
590 |a02-46|b2002-11-15
69107|aInstitution fédérale|2gcpds
69107|aPrévisions budgétaires|2gcpds
69107|aSanté au travail|2gcpds
7760#|tCanadian Centre for Occupational Health and Safety, performance report for the period ending March 31, 2002 |w(CaOODSP)9.572948
7760#|tCentre canadien d'hygiène et de sécurité au travail, rapport sur le rendement pour la période se terminant le 31 mars 2002 |w(CaOODSP)9.603193
791 |tCanadian Centre for Occupational Health and Safety |eeng|w(CaOODSP)9.536754
830#0|aRapport sur le rendement pour la période se terminant le 31 mars 2002.|w(CaOODSP)9.510739